000 07501cam a22019334i 4500
001 u49493
003 PE-LiUPU
005 20250813165822.0
008 150706s2008 pe a rb 000 0 spa d
020 _a9786034011151
035 _a(Sirsi) i9786034011151
040 _aPE-LiUPU
_bspa
_cPE-LiUPU
_erda
049 _aPRUA
082 0 4 _a660.28426
_bC77
_221
100 1 _aCórdova Mendoza, Pedro,
_eautor.
245 1 0 _aDeshidratación por absorción con solvente trietilenglicol y la eliminación del vapor de agua del gas natural /
_cPedro Córdova Mendoza.
264 1 _aLima :
_bAsamblea Nacional de Rectores,
_c2008.
300 _a158 páginas :
_bilustraciones ;
_c25 centímetros
336 _atext
_2rdacontent
337 _aunmediated
_2rdamedia
338 _avolume
_2rdacarrier
504 _aIncluye bibliografías.
505 0 _aOrigen del gas natural -- Propiedades, características y contaminantes del gas natural -- Tratamiento y acondicionamiento del gas natural -- Gas natural de Camisea -- Absorción -- Soluciones líquidas ideales -- Mecanismo de absorción. Teoría de dos películas -- Velocidad de absorción -- Deshidratación por absorción -- Contenido de aguan en un gas natural -- Proceso de deshidratación por absorción de un gas natural -- Diseño de una columna de absorción -- Selección del disolvente para absorción -- Planteamiento del problema -- Situación problemática -- Formulación del problema -- Objetivos -- Justificación e importancia -- Antecedentes -- Marco conceptual -- Hipótesis y variables -- Estrategia metodológica -- Población y muestra -- Técnicas e instrumentos -- Estrategia metodológica -- De la metodología -- Metodología para establecer la cantidad de trietilenglicol para eliminar vapor de agua -- Metodología para determinar los parámetros de deshidratación de gas natural en una columna de absorción -- Metodología para determinar los principales hidrocarburos en un gas natural -- Metodología para determinar el vapor de agua en una muestra de gas natural -- De los instrumentos de investigación -- Calibración y contraste de los instrumentos -- Instrumentos para determinar los parámetros de operación en la columna de absorción -- Instrumentos para determinar los hidrocarburos en un gas natural -- Instrumentos para determinar en contenido de vapor de agua en un gas natural -- Presentación, interpretación y discusión de resultados -- Resultados de la utilización óptima de trietilenglicol como solvente -- Resultados de la determinación de los parámetros para la deshidratación de un gas natural -- Dimensionamiento de la columna de absorción -- Resultados de los análisis de hidrocarburos y del vapor de agua en una muestra de gas natural -- Prueba de hipótesis y discusión de resultados.
526 _aP203
526 _aP200
526 _aSEG65
526 _aSEG64
526 _aSEG63
526 _aSEG62
526 _aSEG61
526 _aSEG60
526 _aSEG59
526 _aSEG58
526 _aSEG57
526 _aSEG56
526 _aSEG55
526 _aSEG54
526 _aSEG53
526 _aSEG52
526 _aSEG51
526 _aSEG50
526 _aSEG49
526 _aSEG48
526 _aSEG47
526 _aSEG46
526 _aSEG24
526 _aSEG23
526 _aSEG22
526 _aSEG21
526 _aSEG20
526 _aSEG19
526 _aSEG18
526 _aSEG17
526 _aSEG16
526 _aSEG14
526 _aSEG13
526 _aSEG12
526 _aSEG11
526 _aSEG10
526 _aSEG09
526 _aSEG06
526 _aSEG05
526 _aSEG04
526 _aSEG03
526 _aSEG02
526 _aSEG68
526 _aSEG66
526 _aSEG45
526 _aSEG25
526 _aSEG01
526 _aP163
526 _aP162
526 _aP161
526 _aP160
526 _aP159
526 _aP158
526 _aP157
526 _aP156
526 _aP155
526 _aP154
526 _aP153
526 _aP152
526 _aP151
526 _aP150
526 _aP149
526 _aP142
526 _aP141
526 _aP140
526 _aP139
526 _aP138
526 _aP137
526 _aP132
526 _aP131
526 _aP130
526 _aP126
526 _aP125
526 _aP124
526 _aP123
526 _aP115
526 _aP122
526 _aP121
526 _aP116
526 _a P114
526 _aP112
526 _aP111
526 _aP104
526 _aP103
526 _aP102
526 _aP101
526 _aP100
526 _aP96
526 _aP95
526 _aP93
526 _aP92
526 _aP91
526 _aP88
526 _aP83
526 _aP82
526 _aP79
526 _aP78
526 _aP75
526 _aP74
526 _aP71
526 _aP69
526 _a P51
526 _aP49
526 _aP48
526 _aP47
526 _aP33
526 _aP31
526 _a P30
526 _aP29
526 _aP27
526 _aP26
526 _aP25
526 _aP24
526 _a P22
526 _aP10
526 _aP09
526 _a P08
526 _aP06
526 _aP05
526 _aP04
526 _aP01
596 _a1 2 3
650 0 4 _aDeshidratación (Química).
910 _bjv
_clch
_d20110513
942 _2ddc
_cBOOK
994 _aC0
_bPEPRU
949 _a518.1 C79 2008
_wDEWEY
_c1
_iFT02286
_lCCODEBUT1
_mBUT
_p15.00
_r0
_sY
_tBOOK
_u2016-3-23
_xINGENIERIA
_PP24
_0DONACION
_o.STAFF. Colección General
949 _a553.285 C79 2008
_wDEWEY
_c1
_iFJ05920
_lCCODEBUJ1
_mBUJ
_p15.00
_r0
_sY
_tBOOK
_u2017-1-24
_xINGENIERIA
_PP24
_0COMPRA
_o.STAFF. Colección General Juliaca
949 _a553.285 C79 2008
_wDEWEY
_c2
_iFJ05921
_lCCODEBUJ1
_mBUJ
_p15.00
_r0
_sY
_tBOOK
_u2017-1-24
_xBIBLIOTECA
_zUNKNOWN
_0COMPRA
_o.STAFF. Colección General Juliaca
949 _a660.28426 C77
_wDEWEY
_c1
_i62818
_f2018-2-12
_g4
_lCCODEBUL1
_mBUL
_p14.00
_r0
_sY
_tBOOK
_u2015-7-6
_xINGENIERIA
_zUNKNOWN
_0COMPRA
_o.STAFF. Colección General
949 _a660.28426 C77
_wDEWEY
_c2
_i62817
_f2018-2-12
_g4
_lCCODEBUL1
_mBUL
_p14.00
_r0
_sY
_tBOOK
_u2015-7-6
_xINGENIERIA
_zUNKNOWN
_0COMPRA
_o.STAFF. Colección General
999 _a660.28426 C77
_wDEWEY
_c51845
_i62818
_f2021-11-9
_g7
_lCCODEBUL1
_mBUL
_p14.00
_r0
_sY
_tBOOK
_u2015-7-6
_xINGENIERIA
_zUNKNOWN
_0COMPRA
_o.STAFF. Colección General
_d51845
999 _a660.28426 C77
_wDEWEY
_c2
_i62817
_f2021-11-9
_g7
_lCCODEBUL1
_mBUL
_p14.00
_r0
_sY
_tBOOK
_u2015-7-6
_xINGENIERIA
_zUNKNOWN
_0COMPRA
_o.STAFF. Colección General
999 _a518.1 C79 2008
_wDEWEY
_c1
_iFT02286
_f2019-2-20
_g1
_lCCODEBUT1
_mBUT
_p15.00
_r0
_sY
_tBOOK
_u2016-3-23
_xINGENIERIA
_PP24
_0DONACION
_o.STAFF. Colección General
999 _a553.285 C79 2008
_wDEWEY
_c1
_iFJ05920
_f2022-1-25
_g4
_lCCODEBUJ1
_mBUJ
_r0
_sY
_tBOOK
_u2017-1-24
_xINGENIERIA
_PP24
_0COMPRA
_o.STAFF. Colección General Juliaca
999 _a553.285 C79 2008
_wDEWEY
_c2
_iFJ05921
_f2022-1-25
_g4
_lCCODEBUJ1
_mBUJ
_r0
_sY
_tBOOK
_u2017-1-24
_xBIBLIOTECA
_zUNKNOWN
_0COMPRA
_o.STAFF. Colección General Juliaca
980 _81
_gALBERTO SANCHEZ Responsable de Automatización